[Event "22nd Reykjavik op"]
[Site "Reykjavik ISL"]
[Date "2006.03.09"]
[Round "4.20"]
[White "Bick, John"]
[Black "Ermenkov, Evgenij"]
[WhiteElo "2238"]
[BlackElo "2462"]
[Result "0-1"]
[EventDate "2006.03.06"]
[PlyCount "72"]

1.d4 Nf6 2.c4 c5 3.d5 e5 4.Nc3 d6 5.e4 Be7 6.h3 Nbd7 7.Bd3 Nf8 8.Be3 Ng6 
9.Qd2 h5 10.g3 Bd7 11.f4 exf4 12.gxf4 h4 13.e5 dxe5 14.Bxg6 exf4 15.Bxf4 
fxg6 16.d6 Bc6 17.Rh2 Bf8 18.Qe3+ Kf7 19.Qxc5 Rh5 20.Qd4 Qb6 21.Qxb6 axb6 
22.O-O-O Rf5 23.Be3 Nd7 24.b4 Re8 25.Re2 Re6 26.c5 bxc5 27.bxc5 Nxc5 28.
Bxc5 Rxc5 29.d7 Be7 30.Rf2+ Rf6 31.Re2 Bd8 32.Re8 Ba5 33.Ra8 Rxc3+ 34.Kb1 
Bb6 35.a4 Rf2 36.d8=N+ Bxd8 0-1

[Event "22nd Reykjavik op"]
[Site "Reykjavik ISL"]
[Date "2006.03.09"]
[Round "4.21"]
[White "Thorhallsson, Throstur"]
[Black "Gara, Ticia"]
[WhiteElo "2455"]
[BlackElo "2265"]
[Result "1/2-1/2"]
[EventDate "2006.03.06"]
[PlyCount "129"]

1.e4 c5 2.Nf3 d6 3.d4 cxd4 4.Nxd4 Nf6 5.Nc3 Nc6 6.f3 Qb6 7.Nb3 e6 8.Bg5 
Be7 9.Qd2 O-O 10.O-O-O Rd8 11.Qe1 a6 12.g4 Qc7 13.Be3 Ne5 14.g5 Nfd7 15.f4
Nc4 16.Nd4 Nxe3 17.Qxe3 b5 18.h4 Nb6 19.h5 b4 20.Nb1 e5 21.Nf3 exf4 22.
Qxf4 Be6 23.b3 Rac8 24.Rh2 a5 25.Nd4 Qc5 26.Rg2 Bh3 27.Nf5 Bxf5 28.Qxf5 
Qe3+ 29.Rdd2 Rc5 30.Qf2 Bxg5 31.Kd1 Qxe4 32.Rxg5 Rxg5 33.Qxb6 Qf3+ 34.Ke1 
Re8+ 35.Re2 Rge5 36.Qf2 Qxh5 37.Nd2 Rxe2+ 38.Bxe2 Qe5 39.Kf1 Re6 40.Nf3 
Qa1+ 41.Ne1 g5 42.Kg2 Qe5 43.Bh5 Rf6 44.Nf3 Qf5 45.Qd4 Qxc2+ 46.Kg3 Qc3 
47.Qd5 Qc5 48.Qxc5 dxc5 49.Nxg5 Rf5 50.Ne4 Re5 51.Kf4 Re7 52.Bf3 Kg7 53.
Nxc5 Rc7 54.Nb7 Rc2 55.Nxa5 Rxa2 56.Nc6 Rb2 57.Bd5 Kf6 58.Nxb4 h5 59.Nd3 
Rb1 60.Nf2 Rf1 61.Kg3 h4+ 62.Kg2 Re1 63.Kh3 Rf1 64.Kg2 Re1 65.Kh3 1/2-1/2

[Event "22nd Reykjavik op"]
[Site "Reykjavik ISL"]
[Date "2006.03.09"]
[Round "4.22"]
[White "Tissir, Mohamed"]
[Black "Halldorsson, Halldor"]
[WhiteElo "2444"]
[BlackElo "2226"]
[Result "1-0"]
[EventDate "2006.03.06"]
[PlyCount "49"]

1.e4 c5 2.Nf3 d6 3.d4 cxd4 4.Nxd4 Nf6 5.Nc3 a6 6.Bc4 b5 7.Bb3 e6 8.Be3 
Nbd7 9.f4 Bb7 10.f5 e5 11.Nf3 Be7 12.Nd2 Rc8 13.O-O O-O 14.a3 Nb6 15.Kh1 
Qc7 16.Qe2 Rfd8 17.Rad1 d5 18.Bxb6 Qxb6 19.exd5 Bxa3 20.Nde4 Bxb2 21.Nxf6+
Qxf6 22.Ne4 Qb6 23.f6 g6 24.Qd2 Ba3 25.d6 1-0

[Event "22nd Reykjavik op"]
[Site "Reykjavik ISL"]
[Date "2006.03.09"]
[Round "4.24"]
[White "Rocha, Sergio"]
[Black "Bjarnason, Oskar"]
[WhiteElo "2405"]
[BlackElo "2255"]
[Result "1-0"]
[EventDate "2006.03.06"]
[PlyCount "51"]

1.e4 d5 2.exd5 Qxd5 3.Nc3 Qa5 4.d4 Nf6 5.Bc4 Bg4 6.f3 Bf5 7.Bd2 Qb6 8.g4 
Qxd4 9.Qe2 Bg6 10.O-O-O Qc5 11.f4 Nc6 12.Be3 Qa5 13.f5 Bxf5 14.gxf5 Qxf5 
15.Nb5 Rc8 16.Rf1 Qe4 17.Nf3 e6 18.Nc3 Qf5 19.Nd4 Nxd4 20.Bxd4 Qg5+ 21.Kb1
Be7 22.Ne4 Nxe4 23.Qxe4 Rd8 24.Rhg1 Qd2 25.Bxg7 Rg8 26.Qxh7 1-0

[Event "22nd Reykjavik op"]
[Site "Reykjavik ISL"]
[Date "2006.03.09"]
[Round "4.25"]
[White "Jonsson, Bjorgvin"]
[Black "Bjarnason, Saevar"]
[WhiteElo "2392"]
[BlackElo "2240"]
[Result "1/2-1/2"]
[EventDate "2006.03.06"]
[PlyCount "35"]

1.e4 c6 2.d4 d5 3.Nd2 dxe4 4.Nxe4 Nd7 5.Ng5 Ngf6 6.Bd3 e6 7.N1f3 h6 8.Nxe6
Qe7 9.O-O fxe6 10.Bg6+ Kd8 11.Bf4 b5 12.Re1 Bb7 13.Qd2 Kc8 14.Bg3 Nd5 15.
Bh4 Qd6 16.Bg3 Qe7 17.Bh4 Qd6 18.Bg3 1/2-1/2

[Event "22nd Reykjavik op"]
[Site "Reykjavik ISL"]
[Date "2006.03.09"]
[Round "4.26"]
[White "Krockenberger, Martin"]
[Black "Gara, Anita"]
[WhiteElo "2267"]
[BlackElo "2367"]
[Result "0-1"]
[EventDate "2006.03.06"]
[PlyCount "66"]

1.c4 f5 2.g3 g6 3.Bg2 Nf6 4.Nc3 Bg7 5.e3 d6 6.Nge2 O-O 7.O-O e5 8.d3 Nc6 
9.Rb1 a5 10.a3 Be6 11.Nd5 Qd7 12.b4 axb4 13.axb4 Rab8 14.b5 Ne7 15.Nec3 
Nexd5 16.cxd5 Bf7 17.Qb3 g5 18.f4 gxf4 19.exf4 Rbe8 20.Re1 Ng4 21.Qc4 exf4
22.Bxf4 Qd8 23.Ne2 Qa8 24.h3 Ne3 25.Bxe3 Rxe3 26.Nf4 Rxg3 27.Kh2 Rg5 28.
Ne6 Bxe6 29.dxe6 Kh8 30.Qxc7 Qa2 31.Qxb7 Rg8 32.Rg1 Be5+ 33.Kh1 Rxg2 0-1

[Event "22nd Reykjavik op"]
[Site "Reykjavik ISL"]
[Date "2006.03.09"]
[Round "4.27"]
[White "Sigfusson, Sigurdur"]
[Black "Salama, Omar"]
[WhiteElo "2339"]
[BlackElo "2199"]
[Result "1-0"]
[EventDate "2006.03.06"]
[PlyCount "93"]

1.d4 Nf6 2.c4 g6 3.Nc3 Bg7 4.e4 d6 5.f3 O-O 6.Be3 a6 7.Qd2 c6 8.Bd3 b5 9.
Nge2 bxc4 10.Bxc4 d5 11.Bb3 dxe4 12.fxe4 Ng4 13.Bg5 h6 14.Bh4 g5 15.Bg3 
Be6 16.Bxe6 fxe6 17.h3 Nf6 18.h4 Nh5 19.hxg5 Nxg3 20.Nxg3 Qxd4 21.gxh6 
Qxd2+ 22.Kxd2 Be5 23.Nge2 Nd7 24.Raf1 Kh7 25.Rf3 Rf6 26.Ke3 Rg8 27.Rxf6 
Nxf6 28.g3 Ng4+ 29.Kf3 Nxh6 30.Rh5 Rf8+ 31.Nf4 Bd4 32.e5 Rb8 33.Ne4 Bxb2 
34.Ng5+ Kg7 35.Ngxe6+ Kh7 36.g4 Rb5 37.g5 Bxe5 38.Rxh6+ Kg8 39.g6 Bxf4 40.
Kxf4 Rb4+ 41.Kf3 Ra4 42.g7 Ra3+ 43.Kf4 Ra4+ 44.Kf5 Kf7 45.Rh8 Ra5+ 46.Kg4 
Ra4+ 47.Kg5 1-0

[Event "22nd Reykjavik op"]
[Site "Reykjavik ISL"]
[Date "2006.03.09"]
[Round "4.28"]
[White "Kjartansson, Gudmundur"]
[Black "Sanchez Castillo, Sarai"]
[WhiteElo "2287"]
[BlackElo "2177"]
[Result "0-1"]
[EventDate "2006.03.06"]
[PlyCount "122"]

1.e4 e6 2.d4 d5 3.e5 c5 4.c3 Nc6 5.Nf3 Bd7 6.Be2 f6 7.O-O fxe5 8.Nxe5 Nxe5
9.dxe5 Qc7 10.f4 O-O-O 11.a4 h6 12.Na3 a6 13.Bd2 g5 14.fxg5 hxg5 15.Bxg5 
Qxe5 16.Bf4 Qg7 17.Qd3 Bc6 18.Qe3 Rh6 19.Bxh6 Qxh6 20.Qxh6 Bxh6 21.Bg4 
Bxa4 22.Bxe6+ Kb8 23.g4 Bc6 24.h4 d4 25.g5 Bg7 26.Rac1 Be5 27.Nc4 Bg3 28.
h5 Re8 29.h6 Ne7 30.Bf7 Rh8 31.cxd4 cxd4 32.Na5 Bb5 33.Rfd1 Bf4 34.g6 Rxh6
35.g7 Be5 36.Re1 Rh7 37.Rxe5 Rxg7+ 38.Kh2 Rxf7 39.Kg3 d3 40.Nb3 Nc6 41.Re4
Ka7 42.Rd1 Kb6 43.Nc1 Rd7 44.Re3 Nb4 45.Rd2 Rc7 46.Re1 Rc2 47.Red1 Rc7 48.
Kf4 Re7 49.Rh1 Bc4 50.Rh6+ Kc5 51.Rh1 Rf7+ 52.Kg3 b5 53.b3 Bd5 54.Rh5 Kd4 
55.Rd1 Kc3 56.Rxd5 Nxd5 57.Rxd3+ Kc2 58.Rxd5 Kxc1 59.b4 Kc2 60.Rd6 Kc3 61.
Rxa6 Kxb4 0-1

[Event "22nd Reykjavik op"]
[Site "Reykjavik ISL"]
[Date "2006.03.09"]
[Round "4.29"]
[White "Panchanathan, Magesh Chandran"]
[Black "Andersson, Christin"]
[WhiteElo "2494"]
[BlackElo "2170"]
[Result "0-1"]
[EventDate "2006.03.06"]
[PlyCount "104"]

1.e4 e6 2.d4 d5 3.Nd2 Nf6 4.e5 Nfd7 5.f4 c5 6.c3 Nc6 7.Ndf3 Be7 8.Bd3 f5 
9.Ne2 c4 10.Bc2 b5 11.O-O a6 12.g4 g6 13.Ng3 Qb6 14.Kh1 Nf8 15.h3 Bb7 16.
Be3 O-O-O 17.b4 Re8 18.a4 Qd8 19.axb5 axb5 20.Kh2 Qb6 21.Qe2 Rd8 22.Rg1 
Qc7 23.Qe1 Re8 24.Bf2 Bd8 25.gxf5 exf5 26.Bxf5+ gxf5 27.Nxf5 Ng6 28.Qd2 
Kb8 29.Nd6 Ref8 30.Bg3 Be7 31.Nxb5 Qc8 32.e6 Rf5 33.Rge1 Qf8 34.Ng5 h5 35.
Kh1 Kc8 36.Qc2 Nxf4 37.Nf7 Nd3 38.Qh2 Rxf7 39.exf7 Nxe1 40.Rxe1 Qxf7 41.
Qe2 Rf8 42.Kh2 Kd7 43.h4 Ba6 44.Nc7 Bxh4 45.Bxh4 Kxc7 46.Bg3+ Kb6 47.b5 
Bxb5 48.Rb1 h4 49.Bd6 Qf2+ 50.Qxf2 Rxf2+ 51.Kg1 Rc2 52.Bc5+ Ka5 0-1

[Event "22nd Reykjavik op"]
[Site "Reykjavik ISL"]
[Date "2006.03.09"]
[Round "4.30"]
[White "Gaponenko, Inna"]
[Black "Thorhallsson, Gylfi"]
[WhiteElo "2437"]
[BlackElo "2187"]
[Result "1-0"]
[EventDate "2006.03.06"]
[PlyCount "120"]

1.e4 c5 2.Nf3 a6 3.Nc3 Nc6 4.d4 cxd4 5.Nxd4 e5 6.Nf5 d5 7.Nxd5 Bxf5 8.exf5
Qa5+ 9.Qd2 Bb4 10.Nxb4 Nxb4 11.c3 Nc6 12.Bc4 Nf6 13.O-O O-O 14.Qg5 Rad8 
15.Be3 Rd7 16.Rad1 Rfd8 17.Rxd7 Rxd7 18.Qh4 e4 19.Qf4 Ne5 20.Bb3 Qc7 21.
Kh1 Nd3 22.Qxc7 Rxc7 23.Rd1 Ng4 24.Kg1 Kf8 25.Bb6 Rc6 26.Bd4 Nxb2 27.Rb1 
Nc4 28.Bd1 Nh6 29.g4 b5 30.a4 Nd6 31.h3 f6 32.f3 Nhf7 33.fxe4 Nxe4 34.axb5
axb5 35.Rxb5 Nxc3 36.Rb8+ Ke7 37.Rb7+ Kf8 38.Bf3 Rc4 39.Be3 Ne5 40.Bg2 
Ne2+ 41.Kf2 Nf4 42.Bf1 Rc2+ 43.Kg3 Ne2+ 44.Bxe2 Rxe2 45.Bc5+ Ke8 46.Re7+ 
Kd8 47.Rxg7 Nd7 48.Bd6 Ke8 49.Rxh7 Nb6 50.g5 Nc4 51.Bc7 fxg5 52.Kg4 Kf8 
53.Kxg5 Ne3 54.Rd7 Rg2+ 55.Kf6 Kg8 56.Bf4 Nc4 57.Rd4 Nb6 58.Bc7 Rb2 59.
Rg4+ Kh7 60.Kf7 Kh6 1-0

[Event "22nd Reykjavik op"]
[Site "Reykjavik ISL"]
[Date "2006.03.09"]
[Round "4.31"]
[White "Johnson, Ben"]
[Black "Marinelli, Tullio"]
[WhiteElo "2189"]
[BlackElo "2391"]
[Result "0-1"]
[EventDate "2006.03.06"]
[PlyCount "90"]

1.c4 e5 2.g3 Nf6 3.Bg2 d5 4.cxd5 Nxd5 5.Nc3 Nb6 6.Nf3 Nc6 7.Rb1 Bd6 8.O-O 
O-O 9.d4 Bf5 10.e4 Bg4 11.d5 Nd4 12.Qd3 Nxf3+ 13.Bxf3 Bxf3 14.Qxf3 Qd7 15.
b3 f5 16.Qd3 f4 17.Rb2 Rf6 18.f3 fxg3 19.hxg3 Qh3 20.Rg2 Raf8 21.Qe2 Bb4 
22.Nd1 c6 23.Nf2 Qh5 24.Ng4 Qxg4 25.fxg4 Rxf1+ 26.Qxf1 Bc5+ 27.Rf2 Rxf2 
28.Qxf2 Bxf2+ 29.Kxf2 cxd5 30.exd5 Nxd5 31.Kf3 Kf7 32.Bd2 Ke6 33.a4 Nc7 
34.g5 Kd5 35.g6 hxg6 36.Bc3 Ne6 37.Kg4 Nc5 38.Be1 Nxb3 39.Kg5 Nc5 40.a5 
Nd3 41.Bd2 Kd4 42.Kxg6 e4 43.a6 bxa6 44.Kxg7 e3 45.Ba5 e2 0-1

[Event "22nd Reykjavik op"]
[Site "Reykjavik ISL"]
[Date "2006.03.09"]
[Round "4.32"]
[White "Baldursson, Hrannar"]
[Black "Mamedjarova, Turkan"]
[WhiteElo "2174"]
[BlackElo "2308"]
[Result "0-1"]
[EventDate "2006.03.06"]
[PlyCount "250"]

1.e4 e5 2.Nf3 Nf6 3.Nc3 Bb4 4.Be2 d6 5.d3 h6 6.O-O O-O 7.Be3 Re8 8.Nd2 d5 
9.Nxd5 Nxd5 10.exd5 Qxd5 11.c3 Bf8 12.d4 exd4 13.Bxd4 Nc6 14.Bc4 Qf5 15.
Nf3 Nxd4 16.Nxd4 Qf6 17.Qb3 c6 18.a4 a6 19.a5 c5 20.Nc2 Rb8 21.Rae1 Bd7 
22.Re3 Bc6 23.Bd5 Red8 24.c4 Bxd5 25.cxd5 Qf5 26.Rd1 c4 27.Qc3 Rxd5 28.
Rde1 Rbd8 29.Rf3 Qc8 30.Ne3 Rd4 31.h3 Re4 32.Rc1 Qc5 33.Kh2 Bd6+ 34.g3 Be5
35.Qc2 Qc6 36.Nf5 Bf6 37.Re3 Rde8 38.Rxe4 Rxe4 39.Nd6 Re6 40.Nxc4 Qf3 41.
Ne3 Rc6 42.Nc4 g6 43.b3 Re6 44.Ne3 h5 45.h4 Rc6 46.Nc4 Bd4 47.Rf1 Re6 48.
Qd2 Ba7 49.Qf4 Qd3 50.Rc1 Kg7 51.Ne5 Qf5 52.Qxf5 gxf5 53.f4 Bb8 54.Nc4 
Re2+ 55.Kh3 Rf2 56.Rc3 Ra2 57.Rd3 Ba7 58.Ne5 Bg1 59.Nf3 Bc5 60.Rd5 Rxa5 
61.Ng5 Bb4 62.Rd7 Rb5 63.Nxf7 Kf8 64.Ne5 Ke8 65.Rh7 Bc3 66.Rxh5 Bxe5 67.
fxe5 Rxe5 68.Rh8+ Kf7 69.Rh7+ Kg6 70.Rxb7 a5 71.Kg2 Re3 72.Rb6+ Kh5 73.Rf6
Re5 74.Kf3 Rb5 75.Kf4 Rb4+ 76.Kxf5 Rb5+ 77.Kf4 Rb4+ 78.Kf3 Rxb3+ 79.Kg2 a4
80.Ra6 a3 81.Kh3 Rc3 82.Ra5+ Kh6 83.h5 a2 84.Kh4 Rc2 85.g4 Rh2+ 86.Kg3 Rb2
87.Ra6+ Kh7 88.Kf4 Rb4+ 89.Kg5 Rb5+ 90.Kf6 Rb6+ 91.Rxb6 a1=Q+ 92.Ke6 Qd4 
93.Rb5 Qxg4+ 94.Rf5 Qe4+ 95.Kf6 Kh6 96.Re5 Qc6+ 97.Kf7 Qd7+ 98.Kf6 Qd6+ 
99.Kf5 Kxh5 100.Re6 Qf8+ 101.Rf6 Qc5+ 102.Ke6 Kg5 103.Rf7 Qc6+ 104.Ke7 Kg6
105.Rf8 Qd5 106.Rc8 Qe5+ 107.Kd7 Kf7 108.Rc7 Qd5+ 109.Kc8+ Ke8 110.Kb8 Kd8
111.Rc8+ Kd7 112.Rc7+ Kd6 113.Rb7 Qa5 114.Rb1 Kc6 115.Rb7 Qd8+ 116.Ka7 Kc5
117.Rb1 Qe7+ 118.Rb7 Qe6 119.Rb2 Qf7+ 120.Rb7 Qg8 121.Rb6 Qg7+ 122.Rb7 Qd4
123.Kb8 Qd8+ 124.Ka7 Kc6 125.Ka6 Qc8 0-1

[Event "22nd Reykjavik op"]
[Site "Reykjavik ISL"]
[Date "2006.03.09"]
[Round "4.33"]
[White "Arngrimsson, Dagur"]
[Black "Vovk, Oksana"]
[WhiteElo "2298"]
[BlackElo "2164"]
[Result "1-0"]
[EventDate "2006.03.06"]
[PlyCount "63"]

1.e4 e6 2.d4 d5 3.exd5 exd5 4.Nf3 Nf6 5.Bd3 Bg4 6.O-O Be7 7.Re1 Nc6 8.c3 
O-O 9.Nbd2 Bh5 10.Nf1 Bg6 11.Ng3 Re8 12.Bg5 Nh5 13.Bxg6 hxg6 14.Nxh5 gxh5 
15.Qd3 Qd7 16.Bxe7 Nxe7 17.Re5 g6 18.Rg5 Nf5 19.Ne5 Qe6 20.Qf3 Ng7 21.h4 
c6 22.Re1 Re7 23.Re3 Qd6 24.Qg3 Re6 25.Rf3 Rf8 26.Qf4 Qe7 27.g4 hxg4 28.
Qxg4 Kh7 29.Rg3 Rg8 30.h5 Qf6 31.hxg6+ fxg6 32.Rxg6 1-0

[Event "22nd Reykjavik op"]
[Site "Reykjavik ISL"]
[Date "2006.03.09"]
[Round "4.35"]
[White "Weeks, Manuel"]
[Black "Gutierrez Castillo, Paloma"]
[WhiteElo "2273"]
[BlackElo "2158"]
[Result "1-0"]
[EventDate "2006.03.06"]
[PlyCount "23"]

1.e4 e5 2.Nf3 Nc6 3.Bb5 Nf6 4.d3 d6 5.O-O g6 6.d4 exd4 7.e5 dxe5 8.Nxe5 
Qd5 9.Re1 Be6 10.c4 Qc5 11.Qf3 Nd7 12.Nxf7 1-0

[Event "22nd Reykjavik op"]
[Site "Reykjavik ISL"]
[Date "2006.03.09"]
[Round "4.36"]
[White "Thorsteinsson, Erlingur"]
[Black "Johannesson, Ingvar Thor"]
[WhiteElo "2147"]
[BlackElo "2269"]
[Result "1/2-1/2"]
[EventDate "2006.03.06"]
[PlyCount "88"]

1.Nf3 g6 2.e4 Bg7 3.d4 d6 4.Nc3 a6 5.Bc4 e6 6.Bg5 Ne7 7.Qd2 h6 8.Be3 Nd7 
9.O-O b6 10.Rad1 Bb7 11.Ne1 Nf6 12.f3 d5 13.Bd3 dxe4 14.Nxe4 Nf5 15.Nxf6+ 
Qxf6 16.Bf2 O-O 17.c3 Rfd8 18.Be4 Nd6 19.Bg3 Qe7 20.Bb1 Nf5 21.Bxf5 exf5 
22.Nd3 f6 23.Rfe1 Qf7 24.Nf4 g5 25.Ne6 Rd7 26.Qc2 f4 27.Bf2 Re8 28.Nxg7 
Kxg7 29.Rxe8 Qxe8 30.Re1 Re7 31.Rxe7+ Qxe7 32.c4 Qd6 33.h4 Bc6 34.d5 Be8 
35.hxg5 hxg5 36.Qc3 Bg6 37.Bd4 Bb1 38.a3 Kg6 39.Kf2 Bf5 40.b4 Kf7 41.c5 
bxc5 42.bxc5 Qxd5 43.Bxf6 Kg6 44.c6 Qd3 1/2-1/2

[Event "22nd Reykjavik op"]
[Site "Reykjavik ISL"]
[Date "2006.03.09"]
[Round "4.39"]
[White "Thorgeirsson, Sverrir"]
[Black "Moskow, Eric"]
[WhiteElo "1954"]
[BlackElo "2248"]
[Result "1/2-1/2"]
[EventDate "2006.03.06"]
[PlyCount "96"]

1.Nc3 c5 2.e4 Nc6 3.g3 g6 4.Bg2 Bg7 5.d3 d6 6.Nge2 Rb8 7.Be3 Nd4 8.O-O b5 
9.Qd2 b4 10.Nd1 Nxe2+ 11.Qxe2 Nf6 12.h3 O-O 13.f4 a5 14.Rb1 Bb7 15.Nf2 Qc7
16.g4 d5 17.e5 Nd7 18.Bd2 Kh8 19.b3 g5 20.Rbe1 Ra8 21.Nd1 e6 22.h4 gxf4 
23.Bxf4 c4 24.dxc4 Ba6 25.Nb2 dxc4 26.Nxc4 Nb6 27.Rf2 Nxc4 28.bxc4 Bxc4 
29.Qe3 Rg8 30.h5 Bf8 31.Bg5 Be7 32.Bxe7 Qxe7 33.Rf4 Rac8 34.Qf2 Rc7 35.Be4
Rg5 36.Bd3 Bxd3 37.cxd3 Kg8 38.Qf3 Qc5+ 39.d4 Qc3 40.Qf2 Qh3 41.Qg2 Qxg2+ 
42.Kxg2 Rc2+ 43.Kg3 h6 44.a3 Rc3+ 45.Rf3 f5 46.exf6 Rxf3+ 47.Kxf3 bxa3 48.
Rxe6 a2 1/2-1/2

[Event "22nd Reykjavik op"]
[Site "Reykjavik ISL"]
[Date "2006.03.09"]
[Round "4.40"]
[White "Einarsson, Bergsteinn"]
[Black "Magnusson, Bjarni"]
[WhiteElo "2245"]
[BlackElo "2016"]
[Result "1/2-1/2"]
[EventDate "2006.03.06"]
[PlyCount "75"]

1.d4 Nf6 2.c4 e6 3.Nc3 Bb4 4.e3 O-O 5.Bd3 d6 6.Ne2 e5 7.O-O Nc6 8.d5 Ne7 
9.e4 Ng6 10.Ng3 Bxc3 11.bxc3 Nf4 12.Bxf4 exf4 13.Nh5 Nxh5 14.Qxh5 g6 15.
Qf3 Qg5 16.g3 fxg3 17.fxg3 Bg4 18.Qf4 Qxf4 19.gxf4 Rae8 20.Rae1 f6 21.Kf2 
Bh3 22.Rg1 Bd7 23.h4 Kf7 24.Rg3 Rg8 25.Rge3 b6 26.Be2 Re7 27.Bd1 Kf8 28.
Rg3 a5 29.Bc2 Reg7 30.Kf3 g5 31.hxg5 fxg5 32.e5 g4+ 33.Ke3 h5 34.e6 Be8 
35.Rh1 Ke7 36.f5 Kf6 37.Kf4 Rg5 38.Rh2 1/2-1/2

[Event "22nd Reykjavik op"]
[Site "Reykjavik ISL"]
[Date "2006.03.09"]
[Round "4.44"]
[White "Mouradian, Knarik"]
[Black "Kristjansson, Atli Freyr"]
[WhiteElo "2190"]
[BlackElo "1922"]
[Result "1-0"]
[EventDate "2006.03.06"]
[PlyCount "117"]

1.e4 c5 2.Nf3 d6 3.d4 cxd4 4.Nxd4 Nf6 5.Nc3 a6 6.f4 e5 7.Nf3 Nbd7 8.a4 Be7
9.Bc4 O-O 10.O-O Qc7 11.Qe2 exf4 12.Bxf4 Ne5 13.Bxe5 dxe5 14.Kh1 Be6 15.
Bxe6 fxe6 16.Rad1 Rad8 17.Ng5 Qc6 18.Rd3 Rxd3 19.Qxd3 h6 20.Nf3 Qc7 21.Nh4
Ng4 22.Rxf8+ Bxf8 23.Qf3 Qf7 24.Qxf7+ Kxf7 25.Nd1 Nf6 26.Nf3 Nxe4 27.Nxe5+
Ke8 28.g3 Bc5 29.Kg2 Ke7 30.b3 Nd2 31.Nb2 Bd4 32.Nbd3 Kd6 33.Nf3 Nxf3 34.
Kxf3 b5 35.axb5 axb5 36.c4 bxc4 37.bxc4 h5 38.h4 Bf6 39.Nf4 Kc5 40.Nxh5 
Bc3 41.Nf4 Kxc4 42.Ke4 Be1 43.Ne2 Kc5 44.Ke5 Kc4 45.h5 Kd3 46.Nf4+ Kc4 47.
g4 Bg3 48.g5 Be1 49.g6 Bd2 50.Nxe6 Bc3+ 51.Kd6 Kd3 52.Ke7 Ke4 53.Nxg7 Kf4 
54.Ne6+ Kf5 55.Kf7 Kg4 56.h6 Kh5 57.g7 Kxh6 58.g8=Q Bd2 59.Qh8# 1-0

[Event "22nd Reykjavik op"]
[Site "Reykjavik ISL"]
[Date "2006.03.09"]
[Round "4.45"]
[White "Hardarson, Robert"]
[Black "Bjornsson, Sverrir Orn"]
[WhiteElo "2369"]
[BlackElo "2108"]
[Result "1-0"]
[EventDate "2006.03.06"]
[PlyCount "49"]

1.d4 Nf6 2.Nf3 e6 3.e3 b6 4.Bd3 c5 5.O-O Ba6 6.c4 cxd4 7.exd4 Be7 8.d5 O-O
9.Nc3 Qc7 10.Qe2 Rc8 11.b3 Bb4 12.Ne4 Nxe4 13.Qxe4 f5 14.Qh4 Bc3 15.Bf4 
Qd8 16.Bg5 Bf6 17.dxe6 dxe6 18.Rad1 Qf8 19.Rfe1 Re8 20.Rxe6 Rxe6 21.Bxf5 
Bc8 22.Qxh7+ Kf7 23.Bxf6 Rxf6 24.Ng5+ Ke7 25.Bxc8 1-0

[Event "22nd Reykjavik op"]
[Site "Reykjavik ISL"]
[Date "2006.03.09"]
[Round "4.49"]
[White "Eichab, Charles"]
[Black "Omarsson, Dadi"]
[WhiteElo "2157"]
[BlackElo "1714"]
[Result "0-1"]
[EventDate "2006.03.06"]
[PlyCount "74"]

1.e4 c5 2.Nf3 d6 3.d4 cxd4 4.Nxd4 Nf6 5.Nc3 g6 6.Be3 Bg7 7.f3 O-O 8.Qd2 
Nc6 9.g4 Be6 10.O-O-O Nxd4 11.Bxd4 Qa5 12.Kb1 Rfc8 13.Nd5 Qxd2 14.Rxd2 
Nxd5 15.Bxg7 Nb4 16.a3 Kxg7 17.axb4 a5 18.b5 Rc5 19.Be2 Rac8 20.Rhd1 g5 
21.h4 h6 22.hxg5 hxg5 23.Rh1 Bc4 24.Bxc4 Rxc4 25.e5 dxe5 26.Rd7 R8c7 27.
Rhd1 b6 28.Rxc7 Rxc7 29.Rd8 Rc5 30.c4 Rxc4 31.Rb8 e4 32.fxe4 Rxe4 33.Rxb6 
Rxg4 34.Ra6 Rb4 35.Rxa5 g4 36.Kc2 g3 37.b6 Rxb6 0-1

[Event "22nd Reykjavik op"]
[Site "Reykjavik ISL"]
[Date "2006.03.09"]
[Round "4.50"]
[White "Trifunovic, Dusan"]
[Black "Olafsson, Thorvardur"]
[WhiteElo "2012"]
[BlackElo "2132"]
[Result "0-1"]
[EventDate "2006.03.06"]
[PlyCount "62"]

1.e4 e5 2.d4 exd4 3.Qxd4 Nc6 4.Qe3 Nf6 5.Nc3 Bb4 6.Bd2 O-O 7.O-O-O Re8 8.
Bc4 d6 9.f3 Na5 10.Qd3 Nd7 11.Qf1 Nxc4 12.Qxc4 Bc5 13.h4 Ne5 14.Qf1 Be6 
15.f4 Bc4 16.Qe1 Ng4 17.Nh3 b5 18.Qg3 h5 19.Rde1 b4 20.Nd5 Bxd5 21.exd5 
Qf6 22.Rhf1 Bd4 23.c3 bxc3 24.Bxc3 Bxc3 25.bxc3 Qf5 26.Kb2 Rab8+ 27.Ka1 
Qc2 28.Rxe8+ Rxe8 29.c4 Qxc4 30.Rd1 Ne3 31.Qe1 Nc2+ 0-1

[Event "22nd Reykjavik op"]
[Site "Reykjavik ISL"]
[Date "2006.03.10"]
[Round "5.1"]
[White "Erenburg, Sergey"]
[Black "Fressinet, Laurent"]
[WhiteElo "2573"]
[BlackElo "2625"]
[Result "1/2-1/2"]
[EventDate "2006.03.06"]
[PlyCount "55"]

1.e4 e5 2.Nf3 Nc6 3.Bb5 a6 4.Ba4 Nf6 5.O-O Nxe4 6.d4 b5 7.Bb3 d5 8.dxe5 
Be6 9.Be3 Be7 10.c3 Qd7 11.Nbd2 O-O 12.Nxe4 dxe4 13.Qxd7 Bxd7 14.e6 Bxe6 
15.Bxe6 fxe6 16.Nd2 Ne5 17.Nxe4 Nc4 18.Bc1 Rf5 19.Re1 Rd8 20.b3 Nd6 21.
Nxd6 Bxd6 22.Be3 Kf7 23.a4 Bc5 24.g4 Re5 25.Bxc5 Rxc5 26.axb5 axb5 27.Re3 
h5 28.h3 1/2-1/2

[Event "22nd Reykjavik op"]
[Site "Reykjavik ISL"]
[Date "2006.03.10"]
[Round "5.10"]
[White "Nataf, Igor-Alexandre"]
[Black "Adly, Ahmed"]
[WhiteElo "2553"]
[BlackElo "2473"]
[Result "0-1"]
[EventDate "2006.03.06"]
[PlyCount "106"]

1.e4 c5 2.Nf3 d6 3.d4 cxd4 4.Nxd4 Nf6 5.Nc3 a6 6.Bg5 e6 7.f4 Bd7 8.Qf3 Nc6
9.O-O-O Nxd4 10.Rxd4 Bc6 11.f5 Qa5 12.Bxf6 gxf6 13.Be2 Qe5 14.Rhd1 Qxh2 
15.Bc4 Bd7 16.g3 Rg8 17.R4d3 Qh6+ 18.Kb1 Rc8 19.Bb3 Rc5 20.e5 Bc6 21.Ne4 
Rxe5 22.Nxd6+ Bxd6 23.Rxd6 Ke7 24.Qd3 Qe3 25.Rd7+ Bxd7 26.Qd6+ Ke8 27.fxe6
fxe6 28.Qxd7+ Kf8 29.Qxb7 Qd4 30.Qf3 Re3 31.Qf1 Qe5 32.a3 Rgxg3 33.Ka2 Re2
34.Rd8+ Kg7 35.Rd7+ Kg6 36.Qh1 h5 37.Qb7 Kg5 38.Re7 Qf5 39.Qxa6 Rge3 40.
Rg7+ Kh4 41.Qc6 Re1 42.Qc4+ Kh3 43.Qc7 Qf1 44.Bxe6+ f5 45.Bxf5+ Qxf5 46.a4
h4 47.a5 Re5 48.b4 R1e2 49.Kb2 R5e4 50.Ka3 R4e3+ 51.c3 Ra2+ 52.Kxa2 Qc2+ 
53.Ka3 Rxc3+ 0-1

[Event "22nd Reykjavik op"]
[Site "Reykjavik ISL"]
[Date "2006.03.10"]
[Round "5.13"]
[White "Mankeyev, Rauan"]
[Black "Ivanisevic, Ivan"]
[WhiteElo "2381"]
[BlackElo "2588"]
[Result "1/2-1/2"]
[EventDate "2006.03.06"]
[PlyCount "92"]

1.d4 Nf6 2.Nf3 d5 3.c4 e6 4.e3 a6 5.Nbd2 c5 6.cxd5 exd5 7.dxc5 Bxc5 8.a3 
Nc6 9.b4 Ba7 10.Nb3 O-O 11.Be2 Ne4 12.Bb2 Qd6 13.O-O f5 14.Nbd4 f4 15.Nxc6
bxc6 16.Be5 Qg6 17.exf4 Bh3 18.Ne1 Rf5 19.Qd3 Rxe5 20.fxe5 Bf5 21.Qd1 Nc3 
22.Qd2 Ne4 23.Qd1 Rf8 24.Bf3 Bg4 25.Qd3 Rf4 26.Bxe4 Qxe4 27.Qxe4 dxe4 28.
Ra2 e3 29.g3 Rf5 30.Nd3 exf2+ 31.Nxf2 Rxe5 32.Kg2 Be6 33.Rd2 Bd5+ 34.Kg1 
h5 35.Rfd1 Bf3 36.Rc1 Bd5 37.Rcd1 Bb6 38.Kf1 Rf5 39.Re1 Rf3 40.Re5 Rxa3 
41.Rxh5 Bf3 42.Re5 Ra1+ 43.Re1 Bg2+ 44.Ke2 Bf3+ 45.Kf1 Bg2+ 46.Ke2 Bf3+ 
1/2-1/2

[Event "22nd Reykjavik op"]
[Site "Reykjavik ISL"]
[Date "2006.03.10"]
[Round "5.15"]
[White "Matamoros Franco, Carlos"]
[Black "Thorfinnsson, Bragi"]
[WhiteElo "2510"]
[BlackElo "2367"]
[Result "1-0"]
[EventDate "2006.03.06"]
[PlyCount "79"]

1.c4 Nf6 2.g3 e5 3.Bg2 d5 4.cxd5 Nxd5 5.Nc3 Nb6 6.Nf3 Nc6 7.O-O Be7 8.a3 
g5 9.d4 exd4 10.Nb5 Bf6 11.Bxg5 Bxg5 12.Nxg5 Bg4 13.Qd2 O-O 14.Qf4 Bxe2 
15.Rfe1 Bh5 16.Bxc6 bxc6 17.Nxd4 c5 18.Nf5 Nd5 19.Qh4 Bg6 20.Nh6+ Kg7 21.
Nhxf7 Qf6 22.Re6 Qf5 23.Re5 Qd3 24.Nh6 Kh8 25.Ne6 Rf3 26.Rf1 c4 27.Nd4 
Raf8 28.Nxf3 Qxf3 29.Qd4 Nf6 30.Rfe1 Bd3 31.h3 c5 32.Qe3 Qb7 33.Re7 Qxb2 
34.Nf7+ Kg8 35.Ne5 Qc2 36.Nxd3 Qxd3 37.Qxc5 c3 38.R7e3 Qd2 39.Qxc3 Qd7 40.
Re6 1-0

[Event "22nd Reykjavik op"]
[Site "Reykjavik ISL"]
[Date "2006.03.10"]
[Round "5.17"]
[White "Gara, Ticia"]
[Black "Kristjansson, Stefan"]
[WhiteElo "2265"]
[BlackElo "2476"]
[Result "0-1"]
[EventDate "2006.03.06"]
[PlyCount "84"]

1.e4 c5 2.Nf3 d6 3.d4 cxd4 4.Nxd4 Nf6 5.f3 g6 6.c4 Bg7 7.Be3 O-O 8.Nc3 b6 
9.Be2 Bb7 10.O-O Nbd7 11.Qd2 Re8 12.Rac1 Rc8 13.Rfd1 Qc7 14.g4 a6 15.Bf1 
e6 16.Qf2 Qb8 17.b3 Bf8 18.Nde2 h6 19.h4 Ba8 20.g5 Nh5 21.Ng3 Nxg3 22.Qxg3
h5 23.Bd4 Ne5 24.Be2 Red8 25.f4 Nd7 26.f5 b5 27.fxe6 fxe6 28.Rf1 Qb7 29.
Qf3 Ne5 30.Bxe5 dxe5 31.Qf6 Qb6+ 32.Kh2 Bg7 33.Qf7+ Kh7 34.Bxh5 Rd2+ 35.
Kh1 gxh5 36.Qxh5+ Kg8 37.g6 Rf2 38.Rxf2 Qxf2 39.Qg4 Qf5 40.Qg2 Qf4 41.Rf1 
Qxh4+ 42.Kg1 b4 0-1

[Event "22nd Reykjavik op"]
[Site "Reykjavik ISL"]
[Date "2006.03.10"]
[Round "5.18"]
[White "Bergsson, Snorri"]
[Black "Thorhallsson, Throstur"]
[WhiteElo "2316"]
[BlackElo "2455"]
[Result "1/2-1/2"]
[EventDate "2006.03.06"]
[PlyCount "56"]

1.e4 c5 2.Nf3 Nc6 3.d4 cxd4 4.Nxd4 Qb6 5.Nb3 Nf6 6.Nc3 e6 7.Be3 Qc7 8.Bd3 
d6 9.O-O a6 10.a4 b6 11.f4 Be7 12.Qf3 Rb8 13.Qg3 O-O 14.f5 Kh8 15.fxe6 
fxe6 16.Nd2 Ne5 17.Be2 Ra8 18.Kh1 Bd7 19.Bd4 Nc6 20.Be3 Nb4 21.Rac1 Bc6 
22.Qh3 Bd7 23.Qg3 e5 24.Nc4 Rab8 25.Bg5 Bc6 26.Bxf6 Bxf6 27.Ne3 Qd7 28.
Ned5 Bxd5 1/2-1/2